Avtomatičeskije izmeriteľnije ustrojstva v eksperimentaľnoj fizike
Guardado en:
| Autor principal: | |
|---|---|
| Formato: | Libro |
| Lenguaje: | ruso |
| Publicado: |
Moskva :
Atomizdat,
1978
|
| Edición: | 2. uprav. a dopl. vyd. |
| Etiquetas: |
Sin Etiquetas, Sea el primero en etiquetar este registro!
|
MARC
| LEADER | 00000nam a22000003a 4500 | ||
|---|---|---|---|
| 001 | stu189705 | ||
| 005 | 20150617230049.3 | ||
| 008 | 090909s1978----xxr-----------------rus-d | ||
| 040 | |a STU |b slo | ||
| 041 | 0 | |a rus | |
| 044 | |a xxr | ||
| 080 | |a 539.107 | ||
| 100 | 1 | |a Sokolov, M.P. |4 aut | |
| 245 | 1 | |a Avtomatičeskije izmeriteľnije ustrojstva v eksperimentaľnoj fizike | |
| 250 | |a 2. uprav. a dopl. vyd. | ||
| 260 | |a Moskva : |b Atomizdat, |c 1978 | ||
| 300 | |a 351 s | ||
| 996 | |b E42118 |c E*42118 |l EE10 |s P |a 0 |w stu189705_0001 | ||